000 02020cam a2200337 i 4500
001 83230
003 BD-RjUL
005 20240304163131.0
008 230215s1961 pk ab 000 0 urd
035 _a(BD-RjUL) 83230
040 _aDLC
_beng
_erda
_cDLC
041 1 _aurd
_heng
082 _223
_a956.92
_bHIT 1961
100 1 _aHitti, Philip K.‏ ‏حتّى, فلپ کے ،‏
_q(Philip Khuri),
_d1886-1978,
_eauthor.
_912072
245 1 0 _a‏تاريخ لبنان ;; Tārīk̲h̲-i Libnān :
_b‏عهد قديم سے دور حاضر تک /‏ ;; ʻahd-i qadīm se daur-i ḥāẓar tak /
_cmurattabah, Ḍākṭar Flip Ke Ḥittī ; mutarjimah, G̲h̲ulām Rasūl Mihr ;; .‏مرتّبه، ڈاکٹر فلپ کے ‏حتّى ؛ مترجمه، غلام رسول مهر.
264 1 _aLāhaur :لاهور
_bShaik̲h̲ G̲h̲ulām ʻAlī ainḍ Sanz, bih ishtirāk Maktabah-yi Frainklin,‏شيخ غلام على اينڈ سنز، به اشتراک مکتبۀ فرينکلن،‏
_c1961.
300 _a504, 8 pages :
_billustrations, maps ;
_c24 cm.
336 _atext
_2rdacontent
337 _aunmediated
_2rdamedia
338 _avolume
_2rdacarrier
490 0 _a‏سلسله مطبوعات ؛‏ Silsilah-i mat̤būʻāt ;
_vnambar 314
500 _a"This is an authorized translation of LEBANON IN HISTORY by Philip K. Hitti, by permission of the author. Copyright in all countries which are signatories to the Berne Convention. Published in 1957 by Macmillan & Company, Ltd., London , and St. Martin's Press, New York."--verso page.
500 _aLibrary of Congress. Franklin Book Collection, U176.
561 _5DLC
651 0 _aLebanon
_xHistory.
_93355
700 1 _a‏مهر، غلام رسول،‏ Mihr, G̲h̲ulām Rasūl,
_d1895-1971,
_etranslator.
_912073
830 _a‏سلسله مطبوعات ؛‏
_v314
_912074
942 _2ddc
_cBK
999 _c83230
_d83230